| 000 | 00808nam a2200253Ia 4500 | ||
|---|---|---|---|
| 003 | OSt | ||
| 005 | 20220918214635.0 | ||
| 006 | a|||||r|||| 00| 0 | ||
| 007 | ta | ||
| 008 | 220917b |||||||| |||| 00| 0 eng d | ||
| 024 | _a138,462 | ||
| 037 | _cTextual | ||
| 040 |
_aARTS _cARTS _beng |
||
| 041 |
_2eng _aeng |
||
| 082 | _aXvp1,N79, M0 | ||
| 110 |
_aAnnual Pews Conference On Progresses Of The World System , 1979 (New York) _9132086 |
||
| 245 | 0 | _aPapers ed by Terence K Hopkins and Immanuel | |
| 260 |
_aLondon _bSage _c1980 |
||
| 490 | _aPolitical economy of the world system annuals | ||
| 650 | _aECONOMICS | ||
| 700 |
_aAnnual Pews Conference On Progresses Of The World System , 1979 (New York) _9132087 |
||
| 942 |
_hXvp1,N79, M0 _cTEXL _2CC |
||
| 999 |
_c261513 _d261513 |
||